000 00826nam a2200265Ia 4500
003 OSt
005 20220918220628.0
006 a|||||r|||| 00| 0
007 ta
008 220917b |||||||| |||| 00| 0 eng d
024 _a146,593
037 _cTextual
040 _aARTS
_cARTS
_beng
041 _2eng
_aeng
082 _aY49v50j73.M, M6
100 _aKatznelson Ira Ed
_9137944
245 0 _aWorking class formation
_b Nineteenth century pattens in Western Europe and the United States
260 _aPrinceton
_bPrinceton Univiersity Press
_c1986
300 _aviii, 470p.
_ccm.
500 _aIncludes Index
650 _aSOCIOLOGY
700 _a Zolberg Aristide R Ed
_9137945
942 _hY49v50j73.M, M6
_cTEXL
_2CC
999 _c269349
_d269349